000 00350nam a2200133Ia 4500
008 231129s9999||||xx |||||||||||||| ||spa||
020 _a958-614-593-X
040 _bspa
082 _aM863 M423m
100 _aMastretta Angeles
245 0 _aMujeres de ojos grandes
264 _aSeix Barral
942 _2ddc
_cBKS
999 _c21473
_d21473